000 01000nam a2200241 a 4500
001 39577
003 BD-RjUL
005 20211209053023.0
008 160412r20132001bg ||||| |||| 001 0 ben d
020 _a8177561057
_c: IRs. 200.00
035 _a(BD-RjUL)39690
040 _aBD-RjUL
_bben
_cBD-RjUL
041 _aben
082 _223
_a891.444
_bROP 2013
100 _aরায়, শিবনারায়ণ
_9118228
245 1 0 _aপ্রবন্ধ সংগ্রহ /
_cশিবনারায়ণ রায়
260 _aকলকাতা :
_bআনন্দ পাবলিশার্স,
_c২০০১ [মুদ্রণ ২০১৩]
300 _a২৪৬ পৃ. ;
_c২২ সেমি.
500 _aপ্রতিটি অধ্যায়ের শেষে টীকা সংযুক্ত ও নির্ঘণ্ট সংযুক্ত
650 _aবাংলা প্রবন্ধ
_9121908
650 _aBengali Essays
_9121909
942 _2ddc
_cBK
999 _c39577
_d39577